Shakespeare apasionado = Shakespeare in Love /

Recreación de la vida del escritor inglés William Shakespeare en sus primeros años como escritor y de su amor ficticio por Viola de Lesseps, dama de alta sociedad que se hace pasar por hombre para poder actuar. Cuando la conoce, Shakespeare ha tenido problemas para encontrar temas para sus obras. Se...

وصف كامل

محفوظ في:
التفاصيل البيبلوغرافية
المؤلف الرئيسي: Madden, John (realización)
مؤلفون آخرون: Norman, Marc (guión) (guión), Stoppard, Tom (guión) (guión), Greatrex, Richard (fotógrafo) (fotógrafo), Powell, Sandy (vestuario) (vestuario), Gamble, David (montaje) (montaje), Warbeck, Stephen (música) (música), Paltrow, Gwyneth (actuación) (actuación), Fiennes, Joseph (actuación) (actuación), Rush, Geoffrey (actuación) (actuación), Madden, John (comentarios) (comentarios), McIntosh, Shannon (producción ejecutiva) (producción ejecutiva), Herzog, Mark (producción) (producción), Ceschi, Alec (fotógrafo) (fotógrafo), Hood, Peter (montaje) (montaje), Weaver, Beau (narración) (narración)
التنسيق: شريحة
اللغة:الإنجليزية
منشور في: Nueva York, EUA : Universal City, EUA : Miramax Films ; Universal Pictures, c1998-1999
الموضوعات:
الوسوم: إضافة وسم
لا توجد وسوم, كن أول من يضع وسما على هذه التسجيلة!

MARC

LEADER 00000ngm^a2200000^a^4500
001 000297363
005 20250521000000.0
009 20260310112336.816
037 |a Acervo ITESO - Biblioteca 
041 |a ING 
082 |a 810.  |b MAD 
100 |a Madden, John  |e (realización) 
240 1 1 |a [Shakespeare apasionado] 
245 1 0 |a Shakespeare apasionado =  |b Shakespeare in Love /  |c Realización de J. Madden. 
264 4 |a Nueva York, EUA :  |b Miramax Films ;  |a Universal City, EUA :  |b Universal Pictures,  |c c1998-1999 
264 2 |a México :  |b Universal Pictures [distribución],  |c 2004, c2004 
300 |a 1 DVD regiones 3 y 4  |c (123, 21 min.) 
336 |a imagen móvil bidimensional  |b tdi  |2 rdacontenido 
337 |a video  |b v  |2 rdamedio 
338 |a videodisco  |b vd  |2 rdasoporte 
520 |a Recreación de la vida del escritor inglés William Shakespeare en sus primeros años como escritor y de su amor ficticio por Viola de Lesseps, dama de alta sociedad que se hace pasar por hombre para poder actuar. Cuando la conoce, Shakespeare ha tenido problemas para encontrar temas para sus obras. Se enamoran y ella le sirve como inspiración para escribir Romeo y Julieta y Noche de Epifanía. Cuarto largometraje dirigido por el cineasta inglés John Madden, con producción norteamericana y filmación en estudios y locaciones británicas. 
520 |a Suplementos y características especiales (en inglés, sin subtítulos o traducción al español): 1) Opción de reproducir la película con un comentario del director o con uno de la productora Donna Gigliotti y otros miembros del equipo de creadores y reparto; 2) Shakespeare in Love and on Film (21 min., 1999), reportaje detrás de cámaras sobre la producción de la película y la figura de William Shakespeare, así como las adaptaciones de sus obras al cine, con la participación de Madden, los guionistas Marc Norman y Tom Stoppard, el productor David Parfitt, el diseñador de producción Martin Childs, la diseñadora de vestuario Sandy Powell, los intérpretes Gwyneth Paltrow, Joseph Fiennes, Geoffrey Rush, Colin Firth, Ben Affleck y Judi Dench y el crítico de cine Glenn Whipp; 3) Breve reportaje –sin título en pantalla- sobre el galardonado trabajo de la diseñadora Powell (2 min. y medio) y 4) 21 spots publicitarios para la promoción del filme en televisión (10 min.). 
530 |a Existe una edición en formato audiovisual en VHS con el mismo título 
546 |a En inglés, con subtítulos opcionales: español, chino, coreano, inglés, portugués, tailandés 
586 |a Premio Oscar, de la Academia Norteamericana de Cine (71°: 1998): Mejor Película (ganadora) 
586 |a Premio Oscar, de la Academia Norteamericana de Cine (71°: 1998): Mejor Dirección (finalista: John Madden) 
586 |a Premio Oscar, de la Academia Norteamericana de Cine (71°: 1998): Película con más premios (7) 
586 |a Premio Oscar, de la Academia Norteamericana de Cine (71°: 1998): Película con más candidaturas finalistas (13) 
586 |a Premio Globo de Oro, de la Asociación de la Prensa Extranjera de Hollywood (56°: 1998): Mejor Película – Musical o Comedia (ganadora) 
586 |a Premio Globo de Oro, de la Asociación de la Prensa Extranjera de Hollywood (56°: 1998): Mejor Dirección (finalista: John Madden) 
586 |a Premio Globo de Oro, de la Asociación de la Prensa Extranjera de Hollywood (56°: 1998): Película con más premios (3) 
586 |a Premio BAFTA, de la Academia Británica de Cine y Televisión (52°: 1998): Mejor Película (ganadora) 
586 |a Premio BAFTA, de la Academia Británica de Cine y Televisión (52°: 1998): Mejor Dirección – Premio David Lean (finalista: John Madden) 
586 |a Premio BAFTA, de la Academia Británica de Cine y Televisión (52°: 1998): Película con más candidaturas finalistas (15) 
586 |a Premio Bodil, de la Asociación Danesa de Críticos de Cine (53°: 2000): Mejor Película Norteamericana (finalista) 
586 |a Premio David di Donatello, de la Academia Italiana de Cine (44°: 1999): Mejor Película Extranjera (finalista) 
586 |a Premio de la Academia Japonesa de Cine (23°: 1999): Mejor Película Extranjera (finalista) 
586 |a Diseño de Indumentaria y Moda: Premio Oscar, de la Academia Norteamericana de Cine (71°: 1998): Mejor Diseño de Vestuario (ganadora: Sandy Powell) 
586 |a Diseño de Indumentaria y Moda: Premio BAFTA, de la Academia Británica de Cine y Televisión (52°: 1998): Mejor Diseño de Vestuario (finalista: Sandy Powell) 
649 |a XX 
650 |a Cineastas Ingleses 
650 |a Actores en el Cine 
650 |a Escritores en el Cine 
650 |a Escritores Ingleses 
650 |a Películas Históricas 
650 |a Comedias Románticas 
650 |a Comedias Cinematográficas 
650 |a Cine Norteamericano -  |y 1990-1999 
650 |a Cine Norteamericano -  |y Siglo XX 
650 |a Cine Norteamericano -  |x Historia y Crítica 
650 |a Inspiración (Arte) 
650 |a Creación (Literaria, Artística, etc.) 
650 |a Pasión Amorosa 
650 |a Amor -  |x Tema Principal 
650 |a Travestismo 
650 |a Actuación -  |z Inglaterra -  |x Historia -  |y Isabel I, 1558-1603 
650 |a Teatro en el Cine 
650 |a Teatro Inglés -  |x Historia y Crítica 
650 |a Artes Escénicas -  |z Inglaterra -  |x Historia -  |y Isabel I, 1558-1603 
650 |a Literatura Inglesa -  |x Historia y Crítica 
650 |a Literatura Inglesa -  |y Siglo XVI 
650 |a Literatura y Cine 
650 |a Inglaterra en el Cine 
650 |a Inglaterra -  |x Historia -  |y Isabel I, 1558-1603 
650 |a Inglaterra -  |x Historia -  |y Siglo XVI 
650 |a Inglaterra -  |x Historia -  |y Dinastía Tudor, 1485-1603 
650 |a Inglaterra -  |x Historia -  |y 1066-1603 
650 |a Inglaterra -  |x Historia -  |y Período Medieval y Renacentista, 1066-1649 
650 |a Shakespeare, William -  |x Tema Principal 
650 |a Isabel I, Reina de Inglaterra 
700 |a Norman, Marc  |e (guión) 
700 |a Stoppard, Tom  |e (guión) 
700 |a Greatrex, Richard  |e (fotógrafo) 
700 |a Powell, Sandy  |e (vestuario) 
700 |a Gamble, David  |e (montaje) 
700 |a Warbeck, Stephen  |e (música) 
700 |a Paltrow, Gwyneth  |e (actuación) 
700 |a Fiennes, Joseph  |e (actuación) 
700 |a Rush, Geoffrey  |e (actuación) 
700 |a Madden, John  |e (comentarios) 
700 |a McIntosh, Shannon  |e (producción ejecutiva) 
700 |a Herzog, Mark  |e (producción) 
700 |a Ceschi, Alec  |e (fotógrafo) 
700 |a Hood, Peter  |e (montaje) 
700 |a Weaver, Beau  |e (narración) 
740 0 |a Shakespeare in Love and on Film /  |c Prod. ejecutiva de S. McIntosh ; prod. de M. Herzog... [et al.]. 
910 |a Fondo General 
920 |a Audiovisuales - DVDs 
940 |a Películas 
905 |a 302 
901 |a 0500093767  |b IT2  |c DVS  |i C115960  |u 20250521 
902 |a https://opac.biblio.iteso.mx/vufind/Record/000297363